Statistics for Forrest Gump Movie Quiz

Click here to take the quiz!

General Stats

  • This quiz has been taken 276 times
  • The average score is 22 of 27

Answer Stats

Hint Answer % Correct
Which war does Forrest serve in?Vietnam
98%
Who is Forrest's love?Jenny
97%
Who is Forrest's best friend who dies during the war?Bubba
95%
Lieutenant Dan loses his what during the war?Legs
94%
Forrest gets a scholarship to play which sport in college?Football
94%
The above wanted to start which type of company?Shrimp
93%
Forrest's mother dies of what?Cancer
92%
Forrest eventually does start this company with who as his first mate?Lieutenent Dan
91%
Forrest travels to Communist China to play which sport?Ping pong
91%
Which state is Forrest from?Alabama
90%
As a child, Forrest inspires a dance of which famous singer while he is staying in Forrest's house?Elvis Presley
90%
First president that Forrest meetsJohn F. Kennedy
86%
What is the name of Forrest's son?Forrest
84%
As a child, Jenny never wants to go where?Home
82%
Third president that Forrest meetsRichard Nixon
80%
As a young woman, Jenny dreams of being what?A singer
79%
Which type of soda does Forrest drink 15 bottles of because they are free?Dr. Pepper
77%
Jenny gets kicked out of her college because of pictures she took in her college sweater for which magazine?Playboy
77%
As a child, Forrest has to wear what on his legs?Braces
76%
Forrest is told by multiple characters throughout the movie to do what?Run
74%
Lieutenant Dan invest in which company after him and Forrest make a lot of money together?Apple
74%
What is most likely the disease that Jenny dies of?AIDS
73%
Forrest runs back and forth across what multiple times, just because he feels like it?America
67%
After Jenny dies, Forrest has the house of who bulldozed to the ground?Jenny's father
63%
Second president that Forrest meetsLyndon B. Johnson
56%
To which hotel does Forrest get moved to after visiting the president after the above?Watergate
52%
What is Forrest's IQ?75
52%

Score Distribution

Percentile by Number Answered

Percent of People with Each Score

Your Score History

You have not taken this quiz